<?xml version="1.0" encoding="UTF-8"?>
<record
    xmlns:xsi="http://www.w3.org/2001/XMLSchema-instance"
    xsi:schemaLocation="http://www.loc.gov/MARC21/slim http://www.loc.gov/standards/marcxml/schema/MARC21slim.xsd"
    xmlns="http://www.loc.gov/MARC21/slim">

  <leader>00494nam a22001817a 4500</leader>
  <controlfield tag="005">20251122105403.0</controlfield>
  <datafield tag="020" ind1=" " ind2=" ">
    <subfield code="a">9789552310812</subfield>
  </datafield>
  <datafield tag="082" ind1=" " ind2=" ">
    <subfield code="a">547 IQB</subfield>
  </datafield>
  <datafield tag="100" ind1=" " ind2=" ">
    <subfield code="a">Iqbql, Sithy.S</subfield>
    <subfield code="9">832</subfield>
  </datafield>
  <datafield tag="245" ind1=" " ind2=" ">
    <subfield code="a">Structure Bonding and Properties-Unit -11</subfield>
  </datafield>
  <datafield tag="260" ind1=" " ind2=" ">
    <subfield code="a">Nawala:</subfield>
    <subfield code="b">OUSL,</subfield>
    <subfield code="c">2008.</subfield>
  </datafield>
  <datafield tag="300" ind1=" " ind2=" ">
    <subfield code="a">170p.</subfield>
  </datafield>
  <datafield tag="490" ind1=" " ind2=" ">
    <subfield code="a">Basic principles of  chemistry-1 CMU 1220</subfield>
  </datafield>
  <datafield tag="505" ind1=" " ind2=" ">
    <subfield code="a">Bachelor Science :Level 3</subfield>
  </datafield>
  <datafield tag="650" ind1=" " ind2=" ">
    <subfield code="a"> chemistry</subfield>
    <subfield code="a"> basic principles ,chemistry</subfield>
    <subfield code="9">833</subfield>
  </datafield>
  <datafield tag="650" ind1=" " ind2=" ">
    <subfield code="a">OUSL</subfield>
    <subfield code="9">81</subfield>
  </datafield>
  <datafield tag="942" ind1=" " ind2=" ">
    <subfield code="c">BK</subfield>
  </datafield>
  <datafield tag="999" ind1=" " ind2=" ">
    <subfield code="c">418</subfield>
    <subfield code="d">418</subfield>
  </datafield>
  <datafield tag="952" ind1=" " ind2=" ">
    <subfield code="0">0</subfield>
    <subfield code="1">0</subfield>
    <subfield code="7">0</subfield>
    <subfield code="8">NFIC</subfield>
    <subfield code="a">IC</subfield>
    <subfield code="b">IC</subfield>
    <subfield code="c">GEN</subfield>
    <subfield code="d">2015-03-07</subfield>
    <subfield code="g">275.00</subfield>
    <subfield code="l">11</subfield>
    <subfield code="o">547 IQB</subfield>
    <subfield code="p">005673</subfield>
    <subfield code="r">2024-10-03 13:37:50</subfield>
    <subfield code="s">2024-09-19</subfield>
    <subfield code="y">BK</subfield>
  </datafield>
  <datafield tag="952" ind1=" " ind2=" ">
    <subfield code="0">0</subfield>
    <subfield code="1">0</subfield>
    <subfield code="7">0</subfield>
    <subfield code="8">NFIC</subfield>
    <subfield code="a">MLCampus</subfield>
    <subfield code="b">MLCampus</subfield>
    <subfield code="c">GEN</subfield>
    <subfield code="d">2015-03-07</subfield>
    <subfield code="g">275.00</subfield>
    <subfield code="l">0</subfield>
    <subfield code="o">547 IQB</subfield>
    <subfield code="p">005674</subfield>
    <subfield code="r">2015-03-07 00:00:00</subfield>
    <subfield code="y">REF</subfield>
  </datafield>
  <datafield tag="952" ind1=" " ind2=" ">
    <subfield code="0">0</subfield>
    <subfield code="1">0</subfield>
    <subfield code="7">0</subfield>
    <subfield code="8">NFIC</subfield>
    <subfield code="a">MLCampus</subfield>
    <subfield code="b">MLCampus</subfield>
    <subfield code="c">GEN</subfield>
    <subfield code="d">2015-03-07</subfield>
    <subfield code="g">275.00</subfield>
    <subfield code="l">0</subfield>
    <subfield code="o">547 IQB</subfield>
    <subfield code="p">005675</subfield>
    <subfield code="r">2015-03-07 00:00:00</subfield>
    <subfield code="y">REF</subfield>
  </datafield>
  <datafield tag="952" ind1=" " ind2=" ">
    <subfield code="0">0</subfield>
    <subfield code="1">0</subfield>
    <subfield code="7">0</subfield>
    <subfield code="8">NFIC</subfield>
    <subfield code="a">MLCampus</subfield>
    <subfield code="b">IC</subfield>
    <subfield code="c">GEN</subfield>
    <subfield code="d">2015-03-07</subfield>
    <subfield code="g">275.00</subfield>
    <subfield code="l">36</subfield>
    <subfield code="m">5</subfield>
    <subfield code="o">547 IQB</subfield>
    <subfield code="p">005669</subfield>
    <subfield code="r">2026-05-11 09:33:05</subfield>
    <subfield code="s">2026-04-27</subfield>
    <subfield code="y">BK</subfield>
  </datafield>
  <datafield tag="952" ind1=" " ind2=" ">
    <subfield code="0">0</subfield>
    <subfield code="1">0</subfield>
    <subfield code="7">0</subfield>
    <subfield code="8">NFIC</subfield>
    <subfield code="a">MLCampus</subfield>
    <subfield code="b">MLCampus</subfield>
    <subfield code="c">GEN</subfield>
    <subfield code="d">2015-03-07</subfield>
    <subfield code="g">275.00</subfield>
    <subfield code="l">44</subfield>
    <subfield code="m">3</subfield>
    <subfield code="o">547 IQB</subfield>
    <subfield code="p">005679</subfield>
    <subfield code="r">2025-11-24 15:25:46</subfield>
    <subfield code="s">2025-11-09</subfield>
    <subfield code="y">BK</subfield>
  </datafield>
  <datafield tag="952" ind1=" " ind2=" ">
    <subfield code="0">0</subfield>
    <subfield code="1">0</subfield>
    <subfield code="7">0</subfield>
    <subfield code="8">NFIC</subfield>
    <subfield code="a">MLCampus</subfield>
    <subfield code="b">MLCampus</subfield>
    <subfield code="c">GEN</subfield>
    <subfield code="d">2015-03-07</subfield>
    <subfield code="g">275.00</subfield>
    <subfield code="l">50</subfield>
    <subfield code="m">5</subfield>
    <subfield code="o">547 IQB</subfield>
    <subfield code="p">005683</subfield>
    <subfield code="r">2025-11-23 11:15:15</subfield>
    <subfield code="s">2025-11-09</subfield>
    <subfield code="y">BK</subfield>
  </datafield>
  <datafield tag="952" ind1=" " ind2=" ">
    <subfield code="0">0</subfield>
    <subfield code="1">0</subfield>
    <subfield code="7">0</subfield>
    <subfield code="8">NFIC</subfield>
    <subfield code="a">MLCampus</subfield>
    <subfield code="b">MLCampus</subfield>
    <subfield code="c">GEN</subfield>
    <subfield code="d">2015-03-08</subfield>
    <subfield code="g">275.00</subfield>
    <subfield code="l">34</subfield>
    <subfield code="m">4</subfield>
    <subfield code="o">547 IQB</subfield>
    <subfield code="p">005678</subfield>
    <subfield code="r">2025-11-23 10:38:08</subfield>
    <subfield code="s">2025-10-30</subfield>
    <subfield code="w">2015-03-08</subfield>
    <subfield code="y">BK</subfield>
  </datafield>
  <datafield tag="952" ind1=" " ind2=" ">
    <subfield code="0">0</subfield>
    <subfield code="1">0</subfield>
    <subfield code="7">0</subfield>
    <subfield code="8">NFIC</subfield>
    <subfield code="a">IC</subfield>
    <subfield code="b">IC</subfield>
    <subfield code="c">GEN</subfield>
    <subfield code="d">2015-03-08</subfield>
    <subfield code="g">275.00</subfield>
    <subfield code="l">41</subfield>
    <subfield code="m">4</subfield>
    <subfield code="o">547 IQB</subfield>
    <subfield code="p">005680</subfield>
    <subfield code="r">2025-11-22 12:13:35</subfield>
    <subfield code="s">2025-11-04</subfield>
    <subfield code="w">2015-03-08</subfield>
    <subfield code="y">BK</subfield>
  </datafield>
  <datafield tag="952" ind1=" " ind2=" ">
    <subfield code="0">0</subfield>
    <subfield code="1">0</subfield>
    <subfield code="7">0</subfield>
    <subfield code="8">NFIC</subfield>
    <subfield code="a">MLCampus</subfield>
    <subfield code="b">MLCampus</subfield>
    <subfield code="c">GEN</subfield>
    <subfield code="d">2015-03-08</subfield>
    <subfield code="g">275.00</subfield>
    <subfield code="l">39</subfield>
    <subfield code="m">1</subfield>
    <subfield code="o">547 IQB</subfield>
    <subfield code="p">005682</subfield>
    <subfield code="r">2025-11-16 08:29:25</subfield>
    <subfield code="s">2025-11-05</subfield>
    <subfield code="w">2015-03-08</subfield>
    <subfield code="y">BK</subfield>
  </datafield>
  <datafield tag="952" ind1=" " ind2=" ">
    <subfield code="0">0</subfield>
    <subfield code="1">0</subfield>
    <subfield code="7">0</subfield>
    <subfield code="8">NFIC</subfield>
    <subfield code="a">MLCampus</subfield>
    <subfield code="b">MLCampus</subfield>
    <subfield code="c">GEN</subfield>
    <subfield code="d">2015-03-09</subfield>
    <subfield code="g">275.00</subfield>
    <subfield code="l">45</subfield>
    <subfield code="m">4</subfield>
    <subfield code="o">547 IQB</subfield>
    <subfield code="p">005676</subfield>
    <subfield code="r">2025-12-03 08:18:09</subfield>
    <subfield code="s">2025-11-14</subfield>
    <subfield code="w">2015-03-09</subfield>
    <subfield code="y">BK</subfield>
  </datafield>
  <datafield tag="952" ind1=" " ind2=" ">
    <subfield code="0">0</subfield>
    <subfield code="1">0</subfield>
    <subfield code="7">0</subfield>
    <subfield code="8">NFIC</subfield>
    <subfield code="a">MLCampus</subfield>
    <subfield code="b">MLCampus</subfield>
    <subfield code="c">GEN</subfield>
    <subfield code="d">2015-03-10</subfield>
    <subfield code="g">275.00</subfield>
    <subfield code="l">47</subfield>
    <subfield code="m">9</subfield>
    <subfield code="o">547 IQB</subfield>
    <subfield code="p">005677</subfield>
    <subfield code="r">2025-12-14 11:45:50</subfield>
    <subfield code="s">2025-11-17</subfield>
    <subfield code="w">2015-03-10</subfield>
    <subfield code="y">BK</subfield>
  </datafield>
  <datafield tag="952" ind1=" " ind2=" ">
    <subfield code="0">0</subfield>
    <subfield code="1">0</subfield>
    <subfield code="7">0</subfield>
    <subfield code="8">NFIC</subfield>
    <subfield code="a">MLCampus</subfield>
    <subfield code="b">MLCampus</subfield>
    <subfield code="c">GEN</subfield>
    <subfield code="d">2015-04-27</subfield>
    <subfield code="g">275.00</subfield>
    <subfield code="l">32</subfield>
    <subfield code="m">3</subfield>
    <subfield code="o">547 IQB</subfield>
    <subfield code="p">005671</subfield>
    <subfield code="r">2025-07-28 12:46:54</subfield>
    <subfield code="s">2025-07-10</subfield>
    <subfield code="w">2015-04-27</subfield>
    <subfield code="y">BK</subfield>
  </datafield>
  <datafield tag="952" ind1=" " ind2=" ">
    <subfield code="0">0</subfield>
    <subfield code="1">0</subfield>
    <subfield code="7">0</subfield>
    <subfield code="8">NFIC</subfield>
    <subfield code="a">MLCampus</subfield>
    <subfield code="b">MLCampus</subfield>
    <subfield code="c">GEN</subfield>
    <subfield code="d">2015-05-21</subfield>
    <subfield code="g">275.00</subfield>
    <subfield code="l">39</subfield>
    <subfield code="m">5</subfield>
    <subfield code="o">547 IQB</subfield>
    <subfield code="p">005672</subfield>
    <subfield code="r">2025-12-13 07:50:10</subfield>
    <subfield code="s">2025-11-06</subfield>
    <subfield code="w">2015-05-21</subfield>
    <subfield code="y">BK</subfield>
  </datafield>
  <datafield tag="952" ind1=" " ind2=" ">
    <subfield code="0">0</subfield>
    <subfield code="1">0</subfield>
    <subfield code="7">0</subfield>
    <subfield code="8">NFIC</subfield>
    <subfield code="a">MLCampus</subfield>
    <subfield code="b">MLCampus</subfield>
    <subfield code="c">GEN</subfield>
    <subfield code="d">2015-05-21</subfield>
    <subfield code="g">275.00</subfield>
    <subfield code="l">35</subfield>
    <subfield code="m">3</subfield>
    <subfield code="o">547 IQB</subfield>
    <subfield code="p">005670</subfield>
    <subfield code="r">2025-11-22 11:48:18</subfield>
    <subfield code="s">2025-11-08</subfield>
    <subfield code="w">2015-05-21</subfield>
    <subfield code="y">BK</subfield>
  </datafield>
  <datafield tag="952" ind1=" " ind2=" ">
    <subfield code="0">0</subfield>
    <subfield code="1">0</subfield>
    <subfield code="7">0</subfield>
    <subfield code="8">NFIC</subfield>
    <subfield code="a">MLCampus</subfield>
    <subfield code="b">MLCampus</subfield>
    <subfield code="c">GEN</subfield>
    <subfield code="d">2015-05-30</subfield>
    <subfield code="g">275.00</subfield>
    <subfield code="l">38</subfield>
    <subfield code="m">4</subfield>
    <subfield code="o">547 IQB</subfield>
    <subfield code="p">005681</subfield>
    <subfield code="r">2026-05-18 06:54:04</subfield>
    <subfield code="s">2026-04-29</subfield>
    <subfield code="w">2015-05-30</subfield>
    <subfield code="y">BK</subfield>
  </datafield>
  <datafield tag="952" ind1=" " ind2=" ">
    <subfield code="0">0</subfield>
    <subfield code="1">0</subfield>
    <subfield code="7">0</subfield>
    <subfield code="8">NFIC</subfield>
    <subfield code="a">MLCampus</subfield>
    <subfield code="b">MLCampus</subfield>
    <subfield code="c">GEN</subfield>
    <subfield code="d">2019-02-21</subfield>
    <subfield code="g">275.00</subfield>
    <subfield code="l">34</subfield>
    <subfield code="m">7</subfield>
    <subfield code="o">547 IQB</subfield>
    <subfield code="p">007359</subfield>
    <subfield code="r">2025-12-29 12:23:58</subfield>
    <subfield code="s">2025-12-21</subfield>
    <subfield code="w">2019-02-21</subfield>
    <subfield code="y">BK</subfield>
  </datafield>
</record>
